[Event "ROM-ch U10"]
[Site "Calimanesti Caciulata"]
[Date "2016.04.21"]
[Round "4"]
[White "Popa, Andrei"]
[Black "Bondar, Toma Andrei"]
[Result "1-0"]
[WhiteElo "1001"]
[BlackElo "1001"]
[PlyCount "33"]
[EventDate "2016.04.18"]
[EventType "swiss"]
[EventRounds "9"]
[EventCountry "ROU"]
[SourceTitle "CBM 172 Extra"]
[Source "ChessBase"]
[SourceDate "2016.06.21"]
[SourceVersion "1"]
[SourceVersionDate "2016.06.21"]
[SourceQuality "1"]

1. e4 e5 2. Nf3 Nc6 3. Bc4 Nf6 4. Ng5 Qe7 5. Nc3 d6 6. d3 Bg4 7. f3 Bh5 8. Be3 Qd7 9. Qe2 Be7 10. 0-0-0 0-0 11. g4 Bg6 12. h4 h6 13. h5 hxg5 14. hxg6 Na5 15. Qh2 Nh5 16. Qxh5 Nxc4 17. Qh8# 1-0